Prípad čínskeho zlata
Ďalší zo zaujímavých prípadov sudcu Tiho
| Main Author: | |
|---|---|
| Other Authors: | |
| Format: | CD Audio |
| Language: | Slovak English |
| PhysicalDescription: | 1 elektronický optický disk (CD-ROM) digitálny, MP3 12cm |
| Published: |
Levoča
Slovenská knižnica pre nevidiacich Mateja Hrebendu
2020
|
| ISBN: | 9788018090466 |
| Subjects: |
MARC
| LEADER | 00000nim a2200000 a 4500 | ||
|---|---|---|---|
| 001 | vtls011980396 | ||
| 003 | SK-MaSNL | ||
| 005 | 20260301103207.0 | ||
| 007 | sd fungnnmmned | ||
| 008 | 200708s2020 xo nnnnfs f n slo | ||
| 015 | |a SNBJ2024 | ||
| 020 | |a 9788018090466 |q (CD-ROM) | ||
| 040 | |a SNK |b slo |c SNK |e AACR2 | ||
| 041 | 1 | |a slo |h eng | |
| 044 | |a xo |c SK | ||
| 080 | |a (086.7) |2 2011 | ||
| 080 | |a (0:82-312.4) |2 2011 | ||
| 080 | |a 821.112.5-31 |2 2011 | ||
| 100 | 1 | |a Gulik, Robert van, |d 1910-1967 |4 aut |9 243255 | |
| 245 | 1 | 0 | |a Prípad čínskeho zlata |h elektronický zdroj |c Robert van Gulik ; číta: Igor Makovický |
| 260 | |a Levoča |b Slovenská knižnica pre nevidiacich Mateja Hrebendu |c 2020 | ||
| 300 | |a 1 elektronický optický disk (CD-ROM) |b digitálny, MP3 |c 12cm | ||
| 306 | |a 073000 | ||
| 520 | 8 | |a Ďalší zo zaujímavých prípadov sudcu Tiho | |
| 521 | |a Pre nevidiacich, slabozrakých a inak zdravotne postihnutých | ||
| 655 | 7 | |a zvukové záznamy |2 SNKPH |9 70720 | |
| 655 | 7 | |a detektívne romány |2 SNKPH |9 70455 | |
| 655 | 7 | |a holandské romány |2 SNKPH |9 70657 | |
| 700 | 1 | |a Makovický, Igor, |d 1947-2014 |4 nrt |9 170500 | |
| 919 | |a 978-80-18-09046-6 | ||
| 958 | |a SX | ||
| 999 | |c 694439 |d 696369 | ||
| 952 | |a SNK |b SNK |y PREZ |7 0 |p 17A1471335 |o snkSCD 5816 |i snk2021/3304 |8 0 |0 0 |1 0 |4 0 |d 2022-01-14 |l 0 |r 2026-02-23 20:38:08 |w 2026-02-23 | ||


